| 000 | 00824cab a2200205 4500 | ||
|---|---|---|---|
| 001 | L136281 | ||
| 008 | 070123n2007 000 0 eng u | ||
| 035 | _a(Sirsi) u136281 | ||
| 041 | 0 | _aeng | |
| 100 | 1 | _aKelly, Ruth | |
| 245 | 0 | 0 | _aSeamless transition |
| 260 | _c2007 | ||
| 490 | 0 | 0 |
_aInside Housing _v19 January 2007, 18-19(2) |
| 520 | _aExplains UK government ambitions for the newly created super agency Communities England, a national housing and regeneration agency which aims to bring together the resources and expertise of the Housing Corporation, English Partnerships, and key delivery functions from the Department for Communities and Local Government. | ||
| 590 | _aKA | ||
| 650 | 2 | 4 | _aCommunities England |
| 651 | 4 |
_aEngland _y886- |
|
| 690 | _aPROPERTY-PROPERTY MANAGEMENT-REGENERATION | ||
| 942 | _n0 | ||
| 999 |
_c78228 _d78228 |
||